Search the Library Catalogue
| 000 -LEADER | |
|---|---|
| fixed length control field | 00725nam a2200229Ia 4500 |
| 008 - FIXED-LENGTH DATA ELEMENTS--GENERAL INFORMATION | |
| fixed length control field | 191130s1997##################000#0#eng## |
| 020 ## - INTERNATIONAL STANDARD BOOK NUMBER | |
| ISBN | 9780750698290 |
| 082 ## - DEWEY DECIMAL CLASSIFICATION NUMBER | |
| Classification number | 305.43 FRE |
| 100 ## - MAIN ENTRY--AUTHOR NAME | |
| Personal name | Frenier, Carol R |
| 245 ## - TITLE STATEMENT | |
| Title | Business and the feminine principle : the untapped resource |
| Statement of responsibility, etc | by Carol R. Frenier |
| 260 ## - PUBLICATION, DISTRIBUTION, ETC. (IMPRINT) | |
| Place of publication | Amsterdam ; Boston |
| Name of publisher | Butterworth-Heinemann |
| Year of publication | c1997 |
| 300 ## - PHYSICAL DESCRIPTION | |
| Number of Pages | xviii, 210 p. ; 24 cm. |
| 500 ## - GENERAL NOTE | |
| General note | Includes bibliographical references (p. 201-204) and index |
| 650 ## - SUBJECT ADDED ENTRY--TOPICAL TERM | |
| Topical Term | Businesswomen - Psychology |
| Topical Term | Corporate culture |
| Topical Term | Femininity |
| 991 ## - | |
| -- | 175874 |
| Withdrawn status | Lost status | Damaged status | Not for loan | Home library | Current library | Shelving location | Date acquired | Full call number | Accession Number | Price effective from | Koha item type |
|---|---|---|---|---|---|---|---|---|---|---|---|
| Anna Centenary Library | Anna Centenary Library | 3RD FLOOR, B WING | 12.10.2020 | 305.43 FRE | 292584 | 12.10.2020 | English Books |